00305nam a2200121Ia 4500008004000000020001800040082001600058100002100074245001600095260003200111300001100143650002900154210210b1982 xxu||||| |||| 00| 0 eng d a0 553 22635 5 a133.32 TOFT aTOFFLER (Alvin). aThird wave. aLondon.bBantam booksc1982 axv,544 aPredictions Meditatio